All Keane songs - Statistics

General Stats
  • This quiz has been taken 31 times
    26 since last reset
  • The average score is 61 of 118
Answer Stats
Album Answer % Correct
Bedshaped
95%
Everybody's Changing
95%
Hopes And Fears (2004) Somewhere Only We Know
95%
Crystal Ball
90%
Perfect Symmetry
90%
Sovereign Light Café
90%
Under The Iron Sea (2006) Atlantic
85%
Bend & Break
85%
Is It Any Wonder?
85%
Nothing In My Way
85%
Put It Behind You
85%
A Bad Dream
80%
Singles or Other A Heart To Hold You
80%
I Need Your Love
80%
Put The Radio On
80%
The Iron Sea
80%
This Is The Last Time
80%
Your Love
80%
Better Than This
75%
Disconnected
75%
("The Best of Keane" compilation) Higher Than The Sun
75%
On The Road
75%
She Has No Time
75%
Perfect Symmetry (2008) Spiralling
75%
(Deluxe Edition Bonus Track) Strangeland
75%
The Lovers Are Losing
75%
Untitled 1
75%
Untitled 2
75%
We Might As Well Be Strangers
75%
Can't Stop Now
70%
Hamburg Song
70%
Silenced By The Night
70%
(feat. K'NAAN) Stop For A Minute
70%
The Frog Prince
70%
Try Again
70%
Black Burning Heart
65%
Leaving So Soon?
65%
Neon River
65%
Snowed Under
65%
Sunshine
65%
The Starting Line
65%
Little Broken Words (2007) The Sun Ain't Gonna Shine
65%
("The Best of Keane" compilation) Won't Be Broken
65%
Strangeland (2012) You Are Young
65%
Your Eyes Open
65%
Again And Again
60%
Broken Toy
60%
I'm Not Leaving
60%
In Your Own Time
60%
Phases
60%
Sea Fog
60%
Watch How You Go
60%
Night Train (2010) Back In Time
55%
Clear Skies
55%
Fly To Me
55%
Love Is The End
55%
Love Too Much
55%
(Japan & iTunes UK Pre-Order Bonus Track) My Shadow
55%
On A Day Like Today
55%
("The Best of Keane" compilation) Russian Farmer's Song
55%
Stupid Things
55%
Black Rain
50%
Looking Back
50%
Playing Along
50%
("A Monster Calls" soundtrack) Tear Up This Town
50%
The Way You Want It
50%
Thread
50%
You Don't See Me
50%
Cause And Effect (2019) You're Not Home
50%
Day Will Come
45%
Dirt (2021) Dirt
45%
Ishin Denshin (You've Got To Help Yourself)
45%
Let It Slide
45%
(Demo) November Day
45%
Pretend That You're Alone
45%
Something In Me Was Dying
45%
Strange Room
45%
You Haven't Told Me Anything
45%
(Bonus Track) New Golden Age
40%
Nothing To Something
40%
(Deluxe Edition Bonus Track) The Boys
40%
He Used To Be A Lovely Boy
35%
(Deluxe Edition Bonus Track) It's Not True
35%
(Deluxe Edition Bonus Track) Run With Me
35%
Thin Air
35%
(Japanese Bonus Track) Time To Go
35%
Allemande
30%
(Demo) Burning The Days
30%
Chase The Night Away
30%
(Bonus Track) Difficult Year
30%
Myth
30%
The Way Feel
30%
To The End Of The Earth
30%
Walnut Tree
30%
Closer Now
25%
("Sovereign Light Café" single) Difficult Child
25%
She Opens Her Eyes
25%
Emily
20%
Love Actually
20%
("Perfect Symmetry" single) Staring At The Ceiling
20%
Call Me What You Like
15%
Glass Bottles
15%
What A Wonderful World
15%
More Matey
10%
("The Night Sky' single) Under Pressure
10%
Dinner At Eight
5%
Goodbye Yellow Brick Road
5%
Maybe Can Change
5%
Rubbernecking
5%
The Happy Soldier
5%
Wonderful River
5%
Early Winter
0%
Get Away From Yourself
0%
Maps
0%
New One
0%
No matching quizzes found
Score Distribution
Percent of People with Each Score
Percentile by Number Answered
Your Score History
You have not taken this quiz since the last reset